000
00229nam a22000977a 4500
003
SGT
245
_a
Journal of Indian Association of Public Health Dentistry
260
_b
Wolters Publisher
_c
2021
300
_a
323
942
_2
ddc
_c
BV
999
_c
30370
_d
30370